De Roma a China: la ruta de la seda en la época de los césares
Tallennettuna:
| Päätekijä: | |
|---|---|
| Aineistotyyppi: | Kirja |
| Kieli: | espanja |
| Julkaistu: |
Barcelona
Stella Maris
2015
|
| Painos: | 1a. ed |
| Aiheet: | |
| Tagit: |
Lisää tagi
Ei tageja, Lisää ensimmäinen tagi!
|
MARC
| LEADER | 00000cam a2200000 a 4500 | ||
|---|---|---|---|
| 001 | UCD1757 | ||
| 003 | CL-VaPUC | ||
| 008 | 160324e20150100sp |||||||||||||||||spa|d | ||
| 020 | |a 9788416128303 | ||
| 082 | 0 | 4 | |a 937.06 |b ROB |2 21 |
| 100 | 0 | |a Robert, Jean-Nöel |e author |9 584910 | |
| 245 | 1 | 0 | |a De Roma a China: la ruta de la seda en la época de los césares |
| 250 | |a 1a. ed | ||
| 300 | |a 339 p | ||
| 942 | |c BK | ||
| 945 | |d 20160324 12:59:00 |a arojas | ||
| 260 | |a Barcelona |b Stella Maris |c 2015 | ||
| 650 | 7 | |a RUTAS COMERCIALES |2 CL-VaPUC |9 584911 | |
| 650 | 0 | |a Comercio exterior |9 257617 | |
| 650 | 0 | |a Historia de Roma |9 315349 | |
| 650 | 7 | |a CESARES |2 CL-VaPUC |9 344824 | |
| 651 | 0 | |a Roma |9 255106 | |
| 651 | 0 | |a China |9 257545 | |
| 583 | |a last modification |c 20160324 12:59:00 |k Rodrigo Vera | ||
| 999 | |c 363012 |d 363010 | ||
| 952 | |0 0 |1 0 |3 erb |4 0 |6 937_060000000000000_ROB_2015 |7 0 |8 A |9 474696 |a BIBHIS |b BIBHIS |i 526829K |o 937.06 ROB 2015 |p 526829K |r 2023-01-25 |w 2019-11-24 |y BK |z Catalogado en:20160324 |k HIS | ||